00971nam a2200277 i 4500001000700000003000900007005001700016007000300033008004100036017005100077020001500128040001300143080001700156100004000173245009800213260002800311300002900339490004000368650002600408650002400434830004700458852002900505942001800534999001900552952012200571137026ES-MaACL20240308062949.0t|070214s1973 sp |||| | spa d aM 23880-1973 bOficina Depósito Legal Madrid a8470712780 cES-MaACL a236.8:22.0171 aSalas, Antonio,9235482d1937-eaut13aLa Biblia ante el "más allá" :b¿inmortalidad o resurrección? /cAntonio Salas, O.S.A. aMadrid : bFax, c1973. a261 páginas ; c19 cm.1 aActualidad bíblica. Brevior ; v3 4aResurrección916881 4aInmortalidad9137850 aActualidad bíblica. Brevior ;v39220054 aES-MaACLcDEPO2jC-54389 cMONOGRAFIAn0 c137026d137026 00104070aATENEOMbATENEOMcDEPO2d2008-01-17eSCl0oC-54389p1142599r2023-02-23 00:00:00w2023-02-23yMONOGRAFIA